|
|
|
|
| LEADER |
00000cam a22000004a 4500 |
| 001 |
musev2_6776 |
| 003 |
MdBmJHUP |
| 005 |
20230905040804.0 |
| 006 |
m o d |
| 007 |
cr||||||||nn|n |
| 008 |
920724s1993 alu o 00 0 eng d |
| 010 |
|
|
|z 92028876
|
| 020 |
|
|
|a 9780817383084
|
| 020 |
|
|
|z 9780817306724
|
| 035 |
|
|
|a (OCoLC)44955678
|
| 040 |
|
|
|a MdBmJHUP
|c MdBmJHUP
|
| 043 |
|
|
|a n-us-ms
|a n-us-al
|
| 050 |
0 |
4 |
|a E99.M6815
|b B55 1993
|
| 082 |
0 |
|
|a 976.1/2
|2 20
|
| 100 |
1 |
|
|a Blitz, John Howard.
|
| 245 |
1 |
0 |
|a Ancient Chiefdoms of the Tombigbee /
|c John H. Blitz.
|
| 264 |
|
1 |
|a Tuscaloosa :
|b University of Alabama Press,
|c 1993.
|
| 264 |
|
3 |
|a Baltimore, Md. :
|b Project MUSE,
|c 2012
|
| 264 |
|
4 |
|c ©1993.
|
| 300 |
|
|
|a 1 online resource (232 pages):
|b ill. ;
|
| 336 |
|
|
|a text
|b txt
|2 rdacontent
|
| 337 |
|
|
|a computer
|b c
|2 rdamedia
|
| 338 |
|
|
|a online resource
|b cr
|2 rdacarrier
|
| 500 |
|
|
|a "A Dan Josselyn memorial publication."
|
| 504 |
|
|
|a Includes bibliographical references (p. [193]-213) and index.
|
| 588 |
|
|
|a Description based on print version record.
|
| 651 |
|
0 |
|a Tombigbee River Valley (Miss. and Ala.)
|x Antiquities.
|
| 651 |
|
0 |
|a Lubub Creek Mound (Ala.)
|
| 650 |
|
0 |
|a Chiefdoms
|z Tombigbee River Valley (Miss. and Ala.)
|
| 650 |
|
0 |
|a Mississippian culture
|z Tombigbee River Valley (Miss. and Ala.)
|
| 655 |
|
7 |
|a Electronic books.
|2 local
|
| 710 |
2 |
|
|a Project Muse.
|e distributor
|
| 830 |
|
0 |
|a Book collections on Project MUSE.
|
| 856 |
4 |
0 |
|z Texto completo
|u https://projectmuse.uam.elogim.com/book/6776/
|
| 945 |
|
|
|a Project MUSE - Custom Collection
|
| 945 |
|
|
|a Project MUSE - Archive Complete Foundation
|
| 945 |
|
|
|a Project MUSE - Archive Archaeology and Anthropology Foundation
|
| 945 |
|
|
|a Project MUSE - Archive Native American and Indigenous Studies Foundation
|